000 00260nam a22001217a 4500
008 180928b xxu||||| |||| 00| 0 eng d
041 _aeng
080 _a610
100 _a4
101 _aSHM
245 _aRespiratory Tjerapy
_cGlover D.W
942 _2udc
_cBK
999 _c48658
_d48658